000 00939cam a2200289 a 4500
003 OSt
005 20260129110254.0
008 850305s1986 caua b 001 0 eng
020 _a0534052088
020 _a9780534052089
040 _aKABLIB
_cKABLIB
_beng.
_erda
082 0 0 _a150.1943
_223
_bDOM
100 1 _aDomjan, Michael,
_d1947-
_914848
245 1 4 _aThe principles of learning & behavior /
_cMichael Domjan, Barbara Burkhard.
246 3 _aPrinciples of learning and behavior
250 _a2nd ed.
260 _aMonterey, Calif. :
_bBrooks/Cole Pub. Co.,
_cc1986.
300 _axvi, 365 p. :
_bill. ;
_c25 cm.
336 _atext
_btxt
_2rdacontent
500 _aIncludes indexes.
504 _aBibliography: p. 324-349.
650 0 _aConditioned response.
_910476
650 0 _aLearning, Psychology of.
_95133
650 0 _aBehaviorism (Psychology)
_914849
700 1 _aBurkhard, Barbara,
_d1947-
_914850
942 _2ddc
_cBOOK
999 _c5889
_d5889